Les pilotes de F1 vainqueur selon le GP #2 - Statistiques

Statistiques générales
  • Ce quiz a été pris 60 fois
  • Le résultat moyen est 10 sur 15
Statistiques - réponses
Hint Réponse % Correct
Pays-Bas 2023 Max Verstappen
98%
Singapour 2024 Lando Norris
88%
Toscane 2020 Lewis Hamilton
84%
Canada 2018 Sebastian Vettel
82%
Turquie 2021 Valtteri Bottas
80%
Russie 2019 Lewis Hamilton
78%
Hongrie 2022 Max Verstappen
76%
Belgique 2016 Nico Rosberg
75%
Australie 2015 Lewis Hamilton
71%
Azerbaïdjan 2017 Daniel Ricciardo
63%
Belgique 2014 Daniel Ricciardo
49%
Grande-Bretagne 2011 Fernando Alonso
45%
Chine 2010 Jenson Button
45%
Monaco 2012 Mark Webber
45%
Australie 2013 Kimi Raikkonen
39%
Aucun quiz correspondant
Distribution des résultats
% des personnes avec chaque résultat
Percentile par nombre de réponses
Votre historique - résultats
Vous n’avez pas pris ce quiz